University Home | Library Home | Institutional Repository

Poems of the morning & poems of the storm / (Record no. 140605)

MARC details
000 -LEADER
fixed length control field 00646cam1a220022900 4500
001 - CONTROL NUMBER
control field lce00472398
003 - CONTROL NUMBER IDENTIFIER
control field DLC
005 - DATE AND TIME OF LATEST TRANSACTION
control field 20190823084641.0
008 - FIXED-LENGTH DATA ELEMENTS--GENERAL INFORMATION
fixed length control field 781006s1973 cau 000 0 eng
010 ## - LIBRARY OF CONGRESS CONTROL NUMBER
LC control number 78314004 //r94
035 ## - SYSTEM CONTROL NUMBER
System control number (Sirsi) r10968
035 ## - SYSTEM CONTROL NUMBER
System control number (DLC) 78314004 //r94
035 ## - SYSTEM CONTROL NUMBER
System control number (UPRA)lce00472398
040 ## - CATALOGING SOURCE
Original cataloging agency DLC
Transcribing agency DLC
Modifying agency DLC
050 00 - LIBRARY OF CONGRESS CALL NUMBER
Classification number PS3573.Y18
Item number P6
082 00 - DEWEY DECIMAL CLASSIFICATION NUMBER
Classification number 811/.5/4
100 1# - MAIN ENTRY--PERSONAL NAME
Personal name Sexton, Andrea Wyatt.
Linkage A64643.1
245 10 - TITLE STATEMENT
Title Poems of the morning & poems of the storm /
Statement of responsibility, etc. Andrea Wyatt.
260 ## - PUBLICATION, DISTRIBUTION, ETC.
Place of publication, distribution, etc. Berkeley :
Name of publisher, distributor, etc. Oyez,
Date of publication, distribution, etc. 1973.
949 ## - LOCAL PROCESSING INFORMATION (OCLC)
a PS3573.Y18
w lcc
i -2762
m MAIN
t BOOK
l ON-SHELF

No items available.

© 2026 - The University of Zambia Library - Koha v25.11